[Event "12th Africa-ch"]
[Site "Kampala UGA"]
[Date "2016.07.24"]
[Round "9"]
[White "Arab, Adlane"]
[Black "Kigigha, Bomo"]
[Result "1-0"]
[WhiteElo "2482"]
[BlackElo "2344"]
[EventDate "2016.07.17"]
[PlyCount "108"]

1.d4 d5 2.c4 e6 3.Nf3 Nf6 4.Nc3 Be7 5.Bf4 O-O 6.e3 b6 7.Bd3 dxc4 8.Bxc4 
Bb7 9.O-O a6 10.Qe2 b5 11.Bd3 c5 12.dxc5 Bxc5 13.Rfd1 Qb6 14.a4 b4 15.a5 
Qa7 16.Na4 Nbd7 17.Ne5 Rfd8 18.Nxd7 Nxd7 19.Bg5 f6 20.Bf4 e5 21.Bg3 Bc6 
22.Qh5 g6 23.Bxg6 hxg6 24.Qxg6+ Kf8 25.Nxc5 Qxc5 26.Rac1 Qb5 27.Rd6 Rac8 
28.Rcd1 Qc4 29.Rxf6+ Nxf6 30.Qxf6+ Ke8 31.Qxe5+ Kf7 32.Qh5+ Kf8 33.Bd6+ 
Kg7 34.Be5+ Kf8 35.Qh6+ Kf7 36.Qf6+ Ke8 37.Qg6+ Qf7 38.Rxd8+ Rxd8 39.Qxc6+
Qd7 40.Qxa6 Qd1+ 41.Qf1 Qa4 42.Bd4 Qxa5 43.h4 Rc8 44.Qd1 b3 45.Qxb3 Rc1+ 
46.Kh2 Qf5 47.Qg8+ Kd7 48.Qg7+ Kc8 49.Qf6 Qb1 50.Kg3 Rh1 51.Qc6+ Kb8 52.
Qe8+ Kb7 53.Qd7+ Kb8 54.Be5+ Ka8 1-0

[Event "12th Africa-ch"]
[Site "Kampala UGA"]
[Date "2016.07.24"]
[Round "9"]
[White "El-Gindy, Essam"]
[Black "Roberto Soares, Erikson"]
[Result "1-0"]
[WhiteElo "2431"]
[BlackElo "2282"]
[EventDate "2016.07.17"]
[PlyCount "69"]

1.d4 d5 2.c4 e6 3.Nc3 Nf6 4.Bf4 c6 5.e3 Be7 6.Nf3 Nbd7 7.Bd3 O-O 8.cxd5 
exd5 9.O-O Re8 10.Rc1 Nh5 11.Nxd5 Nxf4 12.Nxf4 Bf6 13.Nh5 Qa5 14.Nxf6+ 
Nxf6 15.Ne5 Be6 16.a3 Rad8 17.Qc2 Qb6 18.b4 a5 19.Qc5 Qc7 20.Qxa5 Qxa5 21.
bxa5 Rd5 22.a6 bxa6 23.Nxc6 Bc8 24.Ne7+ Rxe7 25.Rxc8+ Re8 26.Rfc1 Ra5 27.
R1c3 Rf8 28.Rxf8+ Kxf8 29.Kf1 Nd5 30.Rb3 Ke7 31.Ke2 Kd6 32.Be4 f6 33.Bxd5 
Kxd5 34.Kd3 f5 35.f3 1-0

[Event "12th Africa-ch"]
[Site "Kampala UGA"]
[Date "2016.07.24"]
[Round "9"]
[White "Aderito, Pedro"]
[Black "Ameir, Moheb"]
[Result "0-1"]
[WhiteElo "2318"]
[BlackElo "2438"]
[EventDate "2016.07.17"]
[PlyCount "80"]

1.d4 Nf6 2.Bg5 d5 3.c4 Ne4 4.Bf4 c6 5.f3 Qa5+ 6.Nd2 Nxd2 7.Bxd2 Qb6 8.Bc3 
dxc4 9.e4 e5 10.Bxc4 exd4 11.Qxd4 Qxd4 12.Bxd4 Bb4+ 13.Kf2 O-O 14.a3 Be7 
15.Ne2 Nd7 16.Rhd1 Nb6 17.Bb3 Be6 18.Bxe6 fxe6 19.a4 Rfd8 20.a5 Nc4 21.
Rdc1 Nd2 22.Ra4 Nb3 23.Rc2 Nxd4 24.Nxd4 Kf7 25.Rac4 Rd7 26.f4 Bd6 27.e5 
Bc5 28.Rxc5 Rxd4 29.Ke3 Ra4 30.R5c4 Rxc4 31.Rxc4 Rd8 32.Rb4 Rd7 33.g4 g6 
34.Rb3 Re7 35.Ke4 c5 36.Rb5 Rc7 37.Kd3 Ke8 38.Rb3 Ke7 39.f5 gxf5 40.gxf5 
exf5 0-1

[Event "12th Africa-ch"]
[Site "Kampala UGA"]
[Date "2016.07.24"]
[Round "9"]
[White "Kamoga, Rajab"]
[Black "Silva, David"]
[Result "1/2-1/2"]
[WhiteElo "2087"]
[BlackElo "2305"]
[EventDate "2016.07.17"]
[PlyCount "60"]

1.e4 e5 2.Nf3 Nc6 3.Bb5 a6 4.Ba4 d6 5.c3 Nf6 6.d3 Bd7 7.Nbd2 g6 8.Nf1 Bg7 
9.h3 O-O 10.Ng3 b5 11.Bc2 d5 12.Be3 Qe7 13.Qd2 dxe4 14.dxe4 Rad8 15.Qe2 
Be6 16.b3 b4 17.c4 Nd7 18.Rd1 Nc5 19.O-O a5 20.Rxd8 Rxd8 21.Rd1 Rxd1+ 22.
Qxd1 f6 23.Qd2 Bf8 24.Qe2 Bf7 25.Qd2 Ne6 26.Ne2 Qd8 27.g3 Bc5 28.Bxc5 Nxc5
29.Qe3 Qd6 30.Qd2 Be6 1/2-1/2

[Event "12th Africa-ch"]
[Site "Kampala UGA"]
[Date "2016.07.24"]
[Round "9"]
[White "Aguiar, Cristiano"]
[Black "Wanyama, Harold"]
[Result "0-1"]
[WhiteElo "2219"]
[BlackElo "2269"]
[EventDate "2016.07.17"]
[PlyCount "76"]

1.d4 Nf6 2.c4 g6 3.Nc3 Bg7 4.e4 d6 5.Bg5 O-O 6.f3 Nbd7 7.Qd2 c5 8.d5 Re8 
9.Nh3 a6 10.Nf2 Nf8 11.Be2 Bd7 12.f4 h6 13.Bh4 Qc7 14.Bg3 N6h7 15.O-O e6 
16.dxe6 Nxe6 17.Nd5 Qd8 18.f5 gxf5 19.exf5 Nd4 20.Bd3 Bxf5 21.Rae1 Ng5 22.
Rxe8+ Qxe8 23.Kh1 Bxd3 24.Qxd3 Rd8 25.h4 Nh7 26.Ne4 Qe6 27.Re1 Qg4 28.Nxd6
Nf6 29.Nxf6+ Bxf6 30.Re4 Qd7 31.Qf1 Bg7 32.Qf4 f5 33.Rxd4 cxd4 34.Nxf5 Rf8
35.Nxh6+ Kh7 36.Qg4 Qxg4 37.Nxg4 Rf1+ 38.Kh2 d3 0-1

[Event "12th Africa-ch"]
[Site "Kampala UGA"]
[Date "2016.07.24"]
[Round "9"]
[White "Bouah, Lyndon"]
[Black "Panchol, James Madol"]
[Result "1-0"]
[WhiteElo "2124"]
[BlackElo "2037"]
[EventDate "2016.07.17"]
[PlyCount "102"]

1.d4 Nf6 2.c4 g6 3.Nc3 Bg7 4.e4 d6 5.f3 O-O 6.Be3 c6 7.Qd2 Nbd7 8.Nge2 e5 
9.Rd1 Qc7 10.h4 Nb6 11.b3 exd4 12.Bxd4 Rd8 13.h5 Be6 14.g4 Qe7 15.Ng3 d5 
16.hxg6 fxg6 17.cxd5 cxd5 18.e5 Nfd7 19.f4 Bxg4 20.Be2 Bxe5 21.fxe5 Nxe5 
22.O-O Bh3 23.Rf4 Rd7 24.Bb5 Nc6 25.Re1 Qd6 26.Qf2 Rf8 27.Rxf8+ Qxf8 28.
Qxf8+ Kxf8 29.Bc5+ Kf7 30.Nge2 g5 31.Kh2 Bg4 32.Rf1+ Kg8 33.Rg1 h5 34.Nd4 
Nxd4 35.Bxd4 Rd6 36.Be2 Kf7 37.Bxg4 hxg4 38.Rf1+ Kg6 39.Kg3 Nd7 40.Kxg4 a6
41.Rf5 Nf6+ 42.Bxf6 Rxf6 43.Rxg5+ Kh6 44.Rxd5 Rc6 45.Rd3 Rg6+ 46.Kf4 Rg2 
47.Rh3+ Kg6 48.Rg3+ Rxg3 49.Kxg3 Kf5 50.Kf3 b5 51.Ke3 Ke5 1-0

[Event "12th Africa-ch"]
[Site "Kampala UGA"]
[Date "2016.07.24"]
[Round "9"]
[White "Kawuma, Patrick"]
[Black "Oussedik, Mahfoud"]
[Result "1-0"]
[WhiteElo "2247"]
[BlackElo "2299"]
[EventDate "2016.07.17"]
[PlyCount "107"]

1.c4 Nf6 2.Nf3 b6 3.g3 Bb7 4.Bg2 c5 5.O-O g6 6.Re1 Bg7 7.Nc3 O-O 8.e4 Nc6 
9.e5 Ne8 10.d4 d6 11.dxc5 dxc5 12.b3 Qxd1 13.Nxd1 Nb4 14.Re2 Nc7 15.Bg5 
Rfe8 16.Nc3 Ne6 17.a3 Nd3 18.Rd1 Rad8 19.Nd5 Nxg5 20.Rxd3 Nxf3+ 21.Bxf3 e6
22.Ne7+ Kf8 23.Rxd8 Bxf3 24.Rxe8+ Kxe8 25.Re3 Kxe7 26.Rxf3 Bxe5 27.g4 h6 
28.b4 cxb4 29.axb4 a5 30.c5 Bc7 31.bxa5 bxa5 32.Rd3 f5 33.h3 e5 34.f3 Ke6 
35.Kf2 e4 36.fxe4 fxe4 37.Rd4 Be5 38.Rd8 Bc7 39.Rd1 Bf4 40.Ke2 h5 41.gxh5 
gxh5 42.Rd8 Bc7 43.Rh8 Kd5 44.Rxh5+ Kc6 45.Ke3 a4 46.Kxe4 a3 47.Rf5 Ba5 
48.Kd4 Bd2 49.Kc4 Be3 50.Rf6+ Kb7 51.c6+ Ka6 52.Kb3 Bd4 53.Rg6 Bc5 54.h4 
1-0

[Event "12th Africa-ch"]
[Site "Kampala UGA"]
[Date "2016.07.24"]
[Round "9"]
[White "Mohamud, Hussein Ali"]
[Black "Magana, Benjamin"]
[Result "0-1"]
[WhiteElo "1557"]
[BlackElo "2149"]
[EventDate "2016.07.17"]
[PlyCount "100"]

1.e4 e5 2.Nf3 Nc6 3.Bb5 a6 4.Ba4 Nf6 5.O-O Be7 6.Re1 b5 7.Bb3 O-O 8.c3 d5 
9.exd5 Nxd5 10.Nxe5 Nxe5 11.Rxe5 Nf6 12.d4 Bd6 13.Re1 Ng4 14.h3 Qh4 15.Be3
Bh2+ 16.Kh1 Bf4 17.Qd2 Nxe3 18.fxe3 Bd6 19.e4 Bf4 20.Qe2 Qg3 21.Kg1 Bxh3 
22.Rf1 Bg4 23.Rf3 Qh2+ 24.Kf2 Qh4+ 25.Kf1 Bg3 26.Qe3 Bxf3 27.gxf3 Qh1+ 28.
Ke2 Qg2+ 29.Kd1 Qxb2 30.f4 Bh4 31.e5 c5 32.d5 b4 33.Bc2 Qxa1 34.Qh3 Qxa2 
35.Qxh4 Qxd5+ 36.Nd2 g6 37.Kc1 Qd8 38.Qh6 f5 39.Nf3 Rc8 40.Ng5 Qe7 41.Bd1 
Rfd8 42.c4 Rd4 43.Be2 Rcd8 44.Qh4 a5 45.Kb1 Qd7 46.Qh1 Rd1+ 47.Bxd1 Qxd1+ 
48.Qxd1 Rxd1+ 49.Kc2 Rd4 50.e6 Kf8 0-1

[Event "12th Africa-ch"]
[Site "Kampala UGA"]
[Date "2016.07.24"]
[Round "9"]
[White "Gonza, Simon"]
[Black "Mwangi, Martin Njoroge"]
[Result "1/2-1/2"]
[WhiteElo "2097"]
[BlackElo "1785"]
[EventDate "2016.07.17"]
[PlyCount "70"]

1.e4 c5 2.Nf3 d6 3.d4 cxd4 4.Nxd4 Nf6 5.Nc3 a6 6.Bg5 e6 7.f4 Qc7 8.Qf3 b5 
9.a3 Bb7 10.O-O-O Nbd7 11.g4 O-O-O 12.Bh4 h6 13.Bd3 Be7 14.Bg3 g5 15.fxg5 
hxg5 16.Kb1 Ne5 17.Bxe5 dxe5 18.Nde2 Rh7 19.h3 Nd7 20.Ng3 Nf8 21.Nh5 Ng6 
22.Be2 Rxd1+ 23.Rxd1 Nf4 24.Bf1 Rh8 25.Na2 Qc6 26.Re1 Rd8 27.h4 Rd2 28.Nc3
Qc5 29.Nxf4 exf4 30.h5 Bf6 31.Rd1 Bxc3 32.bxc3 Bxe4 33.Qxe4 Rxd1+ 34.Kb2 
Rxf1 35.h6 Qe3 1/2-1/2

[Event "12th Africa-ch"]
[Site "Kampala UGA"]
[Date "2016.07.24"]
[Round "9"]
[White "Farouk, Fauza"]
[Black "Fidow, Kassim Hassan"]
[Result "1-0"]
[WhiteElo "2093"]
[BlackElo "1558"]
[EventDate "2016.07.17"]
[PlyCount "32"]

1.e4 c5 2.Nc3 Nc6 3.f4 e5 4.fxe5 Nxe5 5.Nf3 Nxf3+ 6.Qxf3 Bd6 7.Bc4 Nf6 8.
O-O O-O 9.d3 Be5 10.Bg5 h6 11.Bh4 Qb6 12.Bxf6 Bxf6 13.Nd5 Qxb2 14.Ne7+ Kh7
15.Qf5+ g6 16.Nxg6 fxg6 1-0

[Event "12th Africa-ch"]
[Site "Kampala UGA"]
[Date "2016.07.24"]
[Round "9"]
[White "Anquandah, Frances"]
[Black "Talbi, Chafik"]
[Result "0-1"]
[WhiteElo "2019"]
[BlackElo "2206"]
[EventDate "2016.07.17"]
[PlyCount "57"]

1.e4 c5 2.Nf3 Nc6 3.d4 cxd4 4.Nxd4 Nf6 5.Nc3 e5 6.Ndb5 d6 7.Bg5 a6 8.Bxf6 
gxf6 9.Na3 b5 10.Nd5 Bg7 11.Bd3 Ne7 12.Ne3 Bb7 13.Qg4 Kf8 14.O-O-O h5 15.
Qf3 f5 16.Nxf5 Nxf5 17.Qxf5 Bc8 18.Qf3 Bg4 19.Qg3 Bh6+ 20.Rd2 Bf4 21.Rf1 
Bxg3 22.fxg3 Qg5 23.c3 Rh6 24.Kc2 Rf6 25.Re1 Rd8 26.c4 Rc8 27.b3 Be6 28.
Ree2 Rf1 29.Kb2 0-1